|
|
|
|
| LEADER |
01098nam a2200229 a 4500 |
| 001 |
00026938 |
| 008 |
130403s2007 bg a 001 0 ben d |
| 020 |
|
|
|a 984300000966
|
| 040 |
|
|
|a BD-DhAAL
|c BD-DhAAL
|
| 041 |
|
|
|a Ben
|
| 082 |
0 |
0 |
|a 398.991445492
|2 22
|
| 245 |
0 |
0 |
|a প্রবাদ প্রবচন /
|c সম্পাদক সিরাজুল ইসলাম
|
| 260 |
|
|
|a ঢাকা :
|b বাংলাদেশ এশিয়াটিক সোসাইটি,
|c ২০০৭
|
| 300 |
|
|
|a xx, ৪৩০ পৃ. ;
|c ২৫ সে.মি.
|
| 490 |
0 |
|
|a বাংলাদেশ সাংস্কৃতিক সমীক্ষামালা-৯
|
| 500 |
|
|
|a নির্ঘণ্ট অন্তর্ভূক্ত.
|
| 541 |
1 |
|
|e 00026938
|
| 651 |
|
0 |
|a Proverbs, Bengali
|z Bangladesh.
|
| 700 |
1 |
|
|a ইসলাম, সিরাজুল.
|
| 852 |
1 |
|
|a Ayesha Abed Library
|j General shelf
|
| 999 |
|
|
|c 13374
|d 13374
|
| 952 |
|
|
|0 0
|1 0
|2 ddc
|4 0
|6 398_991445492000000_PRO
|7 0
|9 22290
|a IGS
|b IGS
|c GEN
|d 2012-04-27
|e Mullick & Brothers
|g 709.00
|l 0
|o 398.991445492 PRO
|p 3010026938
|r 2013-05-02
|t 1
|w 2012-04-27
|y BK
|